00590 2200229 4500001002100000005001500021035002000036245003300056100002600089250001000115300002100125264005300146336002100199337003000220338002300250082000800273084001400281020002200295650002000317990001000337990001300347INLIS00000000000037120220620030331 a0010-06220003681 aTulisan Sastra /cTenderlova0 aTenderlovaePengarang acet.1 a345 hlm ;c20 cm aCirebon, Jawa Barat :bLovRinz Publishing,c2020 2rdacontentaTeks 2rdamediaaTanpa Perantara 2rdacarrieraVolume a828 a828 TEN t a978-623-289-580-5 4aFiksi Indonesia a21.42 a24000124